नन्ही कलम से / (Record no. 21818)
[ view plain ]
| 000 -LEADER | |
|---|---|
| fixed length control field | 03227nam a22004097a 4500 |
| 005 - DATE AND TIME OF LATEST TRANSACTION | |
| control field | 20090102122541.0 |
| 010 ## - LCCN (DPL NO) | |
| LC control number | B-349545-549 B-435863-867 |
| 020 ## - INTERNATIONAL STANDARD BOOK NUMBER | |
| Terms of availability | 20.00 |
| International Standard Book Number | 9788184790399 |
| 035 ## - SYSTEM CONTROL NUMBER | |
| System control number | B-349545-549 |
| 035 ## - SYSTEM CONTROL NUMBER | |
| System control number | B-435863-867 |
| 037 ## - SOURCE OF ACQUISITION | |
| Source of stock number/acquisition | प्रथम बुक्स |
| 037 ## - SOURCE OF ACQUISITION | |
| Source of stock number/acquisition | ब्लयूबेरी |
| 082 ## - DEWEY DECIMAL CLASSIFICATION NUMBER | |
| Classification number | क |
| 100 ## - MAIN ENTRY--PERSONAL NAME | |
| Personal name | |
| 245 ## - TITLE STATEMENT | |
| Title | नन्ही कलम से / |
| Statement of responsibility, etc | |
| 246 ## - VARYING FORM OF TITLE | |
| Title proper/short title | |
| Remainder of title | |
| 260 ## - PUBLICATION, DISTRIBUTION, ETC. (IMPRINT) | |
| Place of publication, distribution, etc | नई दिल्ली |
| Name of publisher, distributor, etc | प्रथम बुक्स |
| Date of publication, distribution, etc | 2008 |
| 270 ## - ADDRESS | |
| Address | बी-3/4, प्रथम तल, सफदरज़ंग एन्क्लेव |
| City | नई दिल्ली |
| Postal code | 110 029 |
| Telephone number | 011-65684113 |
| Fax number | |
| Electronic mail address | www.prathambooks.org |
| 300 ## - PHYSICAL DESCRIPTION | |
| Extent | 29पृ.; |
| Dimensions | 17.5सेमी (अजिल्द) |
| Other physical details | सचित्र |
| 490 ## - SERIES STATEMENT | |
| Series statement | |
| -- | 31022 |
| 500 ## - GENERAL NOTE | |
| General note | |
| 700 ## - ADDED ENTRY--PERSONAL NAME | |
| Personal name | |
| 9 (RLIN) | 31023 |
| 710 ## - ADDED ENTRY--CORPORATE NAME | |
| Corporate name or jurisdiction name as entry element | जोशी, मधुबाला |
| 9 (RLIN) | 31024 |
| 942 ## - ADDED ENTRY ELEMENTS (KOHA) | |
| Source of classification or shelving scheme | Dewey Decimal Classification |
| Item type | Children Books |
| Call number suffix | नन्ही |
| Classification part | क |
| Withdrawn status | Lost status | Not for loan | Collection code | Home library | Current library | Date acquired | Source of acquisition | Cost, normal purchase price | Full call number | Barcode | Copy number | Cost, replacement price | Koha item type |
|---|---|---|---|---|---|---|---|---|---|---|---|---|---|
| Fiction | Bawana | Bawana | 03/08/2011 | ब्लयूबेरी /6364/25.3.2011/83/21.3.11/31.3.11 | 20.00 | क नन्ही | B-435866 | 1 | 20.00 | Children Books | |||
| Written-off vide DLB M. No. 383 dt 16.05.19 | Fiction | Central Library | Central Library | 05/01/2010 | 080/6.7.09/8/23.4.09/29.7.09 | 20.00 | क नन्ही | B-349545 | 1 | 20.00 | Children Books | ||
| Fiction | Central Library | Central Library | 03/08/2011 | ब्लयूबेरी /6364/25.3.2011/83/21.3.11/31.3.11 | 20.00 | क नन्ही | B-435863 | 1 | 20.00 | Children Books | |||
| Fiction | Karol Bagh | Karol Bagh | 05/01/2010 | 080/6.7.09/8/23.4.09/29.7.09 | 20.00 | क नन्ही | B-349548 | 1 | 20.00 | Children Books | |||
| Fiction | Patel Nagar | Patel Nagar | 05/01/2010 | 080/6.7.09/8/23.4.09/29.7.09 | 20.00 | क नन्ही | B-349546 | 1 | 20.00 | Children Books | |||
| Fiction | Patel Nagar | Patel Nagar | 03/08/2011 | ब्लयूबेरी /6364/25.3.2011/83/21.3.11/31.3.11 | 20.00 | क नन्ही | B-435864 | 1 | 20.00 | Children Books | |||
| Fiction | Sarojini Nagar | Sarojini Nagar | 05/01/2010 | 080/6.7.09/8/23.4.09/29.7.09 | 20.00 | क नन्ही | B-349547 | 1 | 20.00 | Children Books | |||
| Withdrawn | Fiction | Sarojini Nagar | Sarojini Nagar | 03/08/2011 | ब्लयूबेरी /6364/25.3.2011/83/21.3.11/31.3.11 | 20.00 | क नन्ही | B-435865 | 1 | 20.00 | Children Books | ||
| Written-off vide DLB M. No. 383 dt 16.05.19 | Fiction | Shahdara Branch | Shahdara Branch | 05/01/2010 | 080/6.7.09/8/23.4.09/29.7.09 | 20.00 | क नन्ही | B-349549 | 1 | 20.00 | Children Books | ||
| Fiction | Shahdara Branch | Shahdara Branch | 03/08/2011 | ब्लयूबेरी /6364/25.3.2011/83/21.3.11/31.3.11 | 20.00 | क नन्ही | B-435867 | 1 | 20.00 | Children Books |
